La arquitectura de Oscar Niemeyer a partir de sus dibujos / (Registro nro. 323196)

Detalles MARC
000 -ENCABEZADO
Número de control [NR] 00837nam a22002177a 4500
005 - FECHA Y HORA DE LA ÚLTIMA TRANSACCIÓN
control field 20230926081208.0
008 - DE LONGITUD FIJA DE DATOS DE ELEMENTOS - INFORMACIÓN GENERAL
Elementos de longitud fija [NR] 230926b ||||| |||| 00| 0 eng d
020 ## - NUMERO INTERNACIONAL NORMALIZADO PARA LIBROS [R]
Número Internacional Normalizado del libro [NR] 9788497495400
040 ## - FUENTE DE CATALOGACION [NR]
Agencia de catalogación original [NR] CO-BoUCM
Quien Cataloga David Moreno
Quien Clasifica David Moreno
041 ## - CODIGO DE IDIOMA [R]
Código de idioma para texto/pista de sonido o título separado [R] Español
100 1# - ASIENTO PRINCIPAL--NOMBRE PERSONAL [NR]
Nombre personal [NR] Niemeyer, Oscar
ID Autoridad 178940
245 13 - MENCION DE TITULO [NR]
Título [NR] La arquitectura de Oscar Niemeyer a partir de sus dibujos /
Mención de responsabilidad, etc. [NR] Niemeyer, Oscar y Franco, Manuel
260 ## - PUBLICACION, DISTRIBUCION, ETC. (PIE DE IMPRENTA) [R]
Lugar de publicación, distribución, etc. [R] [La Coruña]
Nombre del editor, distribuidor, etc. [R] Universidade da Coruña, Servizo de Publicacións
Fecha de publicación, distribución, etc. [R] 2013
300 ## - DESCRIPCION FISICA [R]
Extensión [R] 191 Paginas,
Otros detalles físicos [NR] ilustraciones
504 ## - NOTA DE BIBLIOGRAFIA, ETC. [R]
Nota de bibliografía, etc. [NR] Incluye referencias bibliográficas
600 1# - ASIENTO SECUNDARIO DE MATERIA - NOMBRE PERSONAL [R]
Nombre personal [NR] Niemeyer, Oscar
Subdivisión cronológica [R] 1907-2012
9 (RLIN) 178941
650 17 - ASIENTO SECUNDARIO DE MATERIA - TERMINO TEMATICO [R]
Término temático o nombre geográfico como elemento de entrada [NR] Diseño arquitectónico
Subdivisión general [R] Forma (arquitectura)
9 (RLIN) 178935
700 1# - ASIENTO SECUNDARIO - NOMBRE PERSONAL [R]
Nombre personal [NR] Franco, Manuel
9 (RLIN) 178942
942 ## - ELEMENTOS DE ENTRADA AGREGADOS (KOHA)
Sistema de clasificación DEWEY
Tema principal Arte
Tipo de ítem principal el descrito en 300a Libro
Edición 1
Clasificación 720
Parte restante de la signatura top. F825a
Título oculto en OPAC No
Existencias
Signatura topográfica Código de barras Última vez visto Ejemplar Costo de reposición Price effective from Tipo de ítem Perdido Sistema de clasificación Dañado No prestable Tipo de ítem específico Suprimido Ubicación habitual Ubicación actual Localización Fecha de creación Forma de adquisición Costo
720 F825a 100171984 06/12/2025 Ej.1 213780.00 26/09/2023 Libro de Reserva   DEWEY     Libro de Reserva   Claustro Claustro 2do piso 26/09/2023 Compra 213780.00